|
|
|
|
| LEADER |
01147nab#a2200325#ar4500 |
| 001 |
000079930 |
| 003 |
SVKKK |
| 005 |
20050804xxxxxxx. |
| 008 |
06 c xo huno |
| FMT |
|
|
|
| 038 |
|
|
|a SVKKK
|
| 040 |
|
|
|a SVKKK
|b slo
|e AACR2
|
| 041 |
0 |
|
|a hun
|
| 044 |
|
|
|a xo
|c SK
|
| 080 |
|
|
|a 284.2(Abov):23/28
|
| 242 |
1 |
0 |
|a Spomienka na Kalvina v Košiciach
|
| 245 |
0 |
0 |
|a Kálvin emlékezete Kassán
|
| 500 |
|
|
|a Ex/M 74
|
| 520 |
2 |
|
|a Správa o pripravovanom spomienkovom podujatí pri príležitosti 400 ročného výročia narodenia reformátora Jána Kalvína, tak ako všade v Uhorsku, aj v Košiciach. Uskutoční sa 11. júna 1909. Slávnostnú reč povie senior Koloman (Kálmán) Révész.
|
| 650 |
0 |
4 |
|a Révész, Koloman (senior kalvínsky) - Košice
|
| 650 |
0 |
4 |
|a podujatie spomienkové (príprava) - Kalvin, Ján (reformátor, [1509-1564]) (téma) - Košice - 11.06.1909 - správy
|
| 773 |
0 |
|
|t Felsőmagyarország : Kassai Napló
|g Roč. 25, č. 155 (09.06.1909) s. 3
|
| 957 |
|
|
|a Košice
|
| 958 |
|
|
|a CI
|
| 958 |
|
|
|a DG
|
| 958 |
|
|
|a SK
|
| 974 |
|
|
|a Ba
|d 20050804
|
| 992 |
|
|
|a RBX
|
| BAS |
|
|
|
| 998 |
|
|
|a RETRO
|